书目信息 |
| 题名: |
4周就能掌握的英语语法句型技巧大全
|
|
| 作者: | 黄, 编著 | |
| 分册: | ||
| 出版信息: | 北京 中国纺织出版社 2015.01 |
|
| 页数: | 400页 | |
| 开本: | 21cm | |
| 丛书名: | 毕昂英语 | |
| 单 册: | ||
| 中图分类: | H314 | |
| 科图分类: | ||
| 主题词: | 英语--ying yu--句型--自学参考资料 , 英语--ying yu--语法--自学参考资料 | |
| 电子资源: | ||
| ISBN: | 978-7-5180-1101-8 | |
| 000 | 01246nam 2200325 450 | |
| 001 | CAL 0120141436767 | |
| 005 | 20150826145758.04 | |
| 010 | @a978-7-5180-1101-8@dCNY39.80 (含光盘) | |
| 010 | @a978-7-89465-112-9@b光盘 | |
| 100 | @a20150106d2015 em y0chiy50 ea | |
| 101 | 0 | @achi@aeng |
| 102 | @aCN@b110000 | |
| 105 | @aak z 000yy | |
| 106 | @ar | |
| 200 | 1 | @a4周就能掌握的英语语法句型技巧大全@A4 zhou jiu neng zhang wo de ying yu yu fa ju xing ji qiao da quan@f莱纳德·黄编著 |
| 210 | @a北京@c中国纺织出版社@d2015.01 | |
| 215 | @a400页@c图@d21cm@e光盘1片 | |
| 225 | 2 | @a毕昂英语@Abi ang ying yu@v119 |
| 225 | 2 | @a毕昂系列好书@Abi ang xi lie hao shu |
| 306 | @a由我识出版社授权出版 | |
| 330 | @a本书共分成四周, 分别有不同的学习重点, 第一周为自我介绍、第二周为自我表达、第三周为简单对话、第四周为生活应对。根据每周的学习重点定每天的学习目标, 在学习的过程中完成预定目标, 便能够精准学习, 迅速增强英文能力。 | |
| 410 | 0 | @12001 @a毕昂系列好书 |
| 410 | 0 | @12001 @a毕昂英语@v119 |
| 586 | @a | |
| 606 | 0 | @a英语@Aying yu@x句型@j自学参考资料 |
| 606 | 0 | @a英语@Aying yu@x语法@j自学参考资料 |
| 690 | @aH314@v5 | |
| 701 | 1 | @a黄,@Ahuang@b莱纳德@4编著 |
| 801 | 0 | @aCN@c20150820 |
| 905 | @a河南城建学院图书馆@dH314@eL027@f3 | |
| 4周就能掌握的英语语法句型技巧大全/莱纳德·黄编著.-北京:中国纺织出版社,2015.01 |
| 400页:图;21cm+光盘1片.-(毕昂英语;119).-(毕昂系列好书) |
| ISBN 978-7-5180-1101-8:CNY39.80 (含光盘) |
| 本书共分成四周, 分别有不同的学习重点, 第一周为自我介绍、第二周为自我表达、第三周为简单对话、第四周为生活应对。根据每周的学习重点定每天的学习目标, 在学习的过程中完成预定目标, 便能够精准学习, 迅速增强英文能力。 |
| ● |
| 相关链接 |
|
|
|
正题名:4周就能掌握的英语语法句型技巧大全
索取号:H314/L027
 
预约/预借
| 序号 | 登录号 | 条形码 | 馆藏地/架位号 | 状态 | 备注 |
| 1 | 1224837 | 212248370 | 语言库209/209语言库 4排1列3层/ [索取号:H314/L027] | 在馆 | |
| 2 | 1224838 | 212248389 | 语言库209/209语言库 4排1列3层/ [索取号:H314/L027] | 在馆 | |
| 3 | 1224839 | 212248398 | 语言库209/209语言库 4排1列3层/ [索取号:H314/L027] | 在馆 |